Ville par lettre - F - Statistiques

Statistiques générales
  • Ce quiz a été pris 177 fois
  • Le résultat moyen est 9 sur 15
Statistiques - réponses
Indice Réponse % Correct
Berceau de la Renaissance italienne Florence
98%
Deuxième ville du Maroc Fès
95%
Grande ville allemande sur le Main Francfort
90%
Ville japonaise tristement célèbre pour avoir été le théâtre d'un accident nucléaire Fukushima
90%
Chef-lieu de la Martinique Fort-de-France
87%
Un château et une forêt portent le nom de cette commune de Seine-et-Marne Fontainebleau
83%
Capitale du Sierra Leone Freetown
78%
Chef-lieu de l'Algarve, à l'extrême sud du Portugal Faro
55%
Un tunnel entre la France et l'Italie porte le nom de cette ville du Sud-Est de la France Fréjus
55%
Ville allemande au pied de la Forêt-Noire Fribourg
51%
Ville brésilienne, capitale de l'Etat du Ceará Fortaleza
37%
Troisième ville du Pakistan Faisalabad
30%
Plus grande ville de l'île de Kyūshū Fukuoka
30%
Grande ville chinoise la plus proche de Taiwan Fuzhou
15%
Ville touristique brésilienne située sur l'île de Santa Catarina Florianópolis
9%
Aucun quiz correspondant
Distribution des résultats
% des personnes avec chaque résultat
Percentile par nombre de réponses
Votre historique - résultats
Vous n’avez pas pris ce quiz